El Ingenioso Hidalgo D. Quixote de la Mancha (Record no. 2184)
[ view plain ]
| 000 -CABECERA | |
|---|---|
| campo de control de longitud fija | 01599nam a2200301 a 4500 |
| 001 - NÚMERO DE CONTROL | |
| campo de control | BRCA_2443 |
| 005 - FECHA Y HORA DE LA ÚLTIMA TRANSACCIÓN | |
| campo de control | 20190320203819.0 |
| 008 - DATOS DE LONGITUD FIJA--INFORMACIÓN GENERAL | |
| campo de control de longitud fija | 181108s1804----sp-a---###---#000-0#spa-u |
| 041 ## - CÓDIGO DE LENGUA | |
| Código de lengua del texto/banda sonora o título independiente | spa |
| 044 ## - CÓDIGO DEL PAÍS DE LA ENTIDAD EDITORA/PRODUCTORA | |
| Código MARC del país | sp |
| 084 ## - OTRO NÚMERO DE CLASIFICACIÓN | |
| Número de clasificación | 083 |
| Número de documento/Ítem | .V44 |
| -- | 1804 |
| 100 1# - ENTRADA PRINCIPAL--NOMBRE DE PERSONA | |
| Nombre de persona | Cervantes Saavedra, Miguel de |
| Fechas asociadas al nombre | 1547-1616 |
| 9 (RLIN) | 213 |
| 245 10 - MENCIÓN DE TÍTULO | |
| Título | El Ingenioso Hidalgo D. Quixote de la Mancha |
| Mención de responsabilidad, etc. | por Miguel de Cervantes Saavedra. |
| 260 ## - PUBLICACIÓN, DISTRIBUCIÓN, ETC. | |
| Lugar de publicación, distribución, etc. | Madrid |
| Nombre del editor, distribuidor, etc. | Imprenta de Vega |
| Fecha de publicación, distribución, etc. | 1804 |
| 300 ## - DESCRIPCIÓN FÍSICA | |
| Extensión | 6 v. |
| Otras características físicas | il. |
| Dimensiones | 16 cm. |
| 500 ## - NOTA GENERAL | |
| Nota general | Contenido : v 1. Primera parte. Dedicatoria de Cide Hamete Benengeli. Versos preliminares. Prólogo del autor. Texto. -- v 2. Texto. -- v 3. Texto. -- v 4. Segunda parte. Prólogo del autor. Texto. -- v 5. Texto. -- v 6. Texto |
| 500 ## - NOTA GENERAL | |
| Nota general | Tuvo por modelo la edición de San Martín (1782) con varias correciones de la impresa en la Imprenta Real de 1797, de la cual se copiaron las láminas, dibujadas de nuevo por Miranda y Cobo. Suprime ambas dedicatorias de Cervantes. Ejemplar desgastado, encuadernado en piel con filetes dorados en las lomeras Lúdovik Osterc |
| 500 ## - NOTA GENERAL | |
| Nota general | Estado físico : El el volumen 2 faltan las primeras 4 páginas. En los volúmenes 4 y 5 faltan las portadas |
| 500 ## - NOTA GENERAL | |
| Nota general | Con ex-libris de : Luis Vallejo |
| 500 ## - NOTA GENERAL | |
| Nota general | QM64 |
| 650 14 - PUNTO DE ACCESO ADICIONAL DE MATERIA--TÉRMINO DE MATERIA | |
| Término de materia o nombre geográfico como elemento de entrada | Novela española |
| Subdivisión cronológica | Época clásica, 1500-1700 |
| 9 (RLIN) | 215 |
| 650 14 - PUNTO DE ACCESO ADICIONAL DE MATERIA--TÉRMINO DE MATERIA | |
| Término de materia o nombre geográfico como elemento de entrada | Literatura española |
| Subdivisión cronológica | Época clásica, 1500-1700 |
| 9 (RLIN) | 216 |
| 650 14 - PUNTO DE ACCESO ADICIONAL DE MATERIA--TÉRMINO DE MATERIA | |
| Término de materia o nombre geográfico como elemento de entrada | Novela española |
| Subdivisión cronológica | Siglo XVII |
| 9 (RLIN) | 217 |
| 650 14 - PUNTO DE ACCESO ADICIONAL DE MATERIA--TÉRMINO DE MATERIA | |
| Término de materia o nombre geográfico como elemento de entrada | Don Quijote (Personaje ficticio) |
| Término indicativo de función/relación | Novela |
| 9 (RLIN) | 218 |
| 740 0# - PUNTO DE ACCESO ADICIONAL--TÍTULO RELACIONADO O ANALÍTICO NO CONTROLADO | |
| Título relacionado o analítico no controlado | El Ingenioso Hidalgo Don Quijote de la Mancha |
| 902 ## - CATALOGADOR | |
| Iniciales | QFM |
| 942 ## - ELEMENTOS DE PUNTO DE ACCESO ADICIONAL (KOHA) | |
| Fuente del sistema de clasificación o colocación | Library of Congress Classification |
| Tipo de ítem Koha | Libros |
| Estado de retiro | Estado de pérdida | Estado dañado | No para préstamo | Localización permanente | Ubicación/localización actual | Fecha de adquisición | Número de inventario | Total de préstamos | Signatura topográfica completa | Código de barras | Fecha visto por última vez | Precio válido a partir de | Tipo de ítem Koha |
|---|---|---|---|---|---|---|---|---|---|---|---|---|---|
| El ejemplar forma parte de la colección y puede ser consultado según las políticas vigentes. | Biblioteca del Museo Franz Mayer (Rogerio Casas-Alatriste) | Biblioteca del Museo Franz Mayer (Rogerio Casas-Alatriste) | 18/11/2008 | QM64 | 083 .V44 1804 (QM64) | 2440 | 22/03/2019 | 22/03/2019 | Libros |